000 00984nas a2200325 4500
001 BR0904670
003 BR-BrBNA
005 20231205113525.0
007 ta
008 230509b bl.|||p| |||| 00| 00por d
040 _aBR-BrBNA
_bpor
_cBiblioteca Nacional de Agricultura
041 _a(Pt)
072 _aL70
100 1 _aRappeti, J.C. da S.
100 1 _aPippi, N.L.
100 1 _aBraga, F. de V.A.
100 1 _aSouza, G.S. de
100 1 _aCoelho, G.D.A.
100 1 _aPigatto, G.M.
100 1 _aNovosad, D.
100 1 _aHeckler, M.C.T.
100 1 _aKrolikowski, G.
100 1 _aTiellet, C.A.B.
245 1 _aPós-operatório de homoimplante de costela avaliado por toracoscopia paraxifóide transdiafragmática modificada em gatos
650 _aGATO
650 _aCIRURGIA
773 0 _tCiência Rural (Brazil)
_xISSN 0103-8478
_g(Sep-Oct 2007), v. 37(5) p. 1355-1359
_wBR0904670
909 _a202311
_bLúcia
_c55
_dLúcia Elande
942 _2AGRIS
_n0
_cANA
999 _c204237
_d204237